It looks like you're offline.
Open Library logo
additional options menu

MARC record from Internet Archive

LEADER: 00895 am a2200301ua 4500
001 009266872
005 20221105175500.0
008 990118s1998 fr || 001 ||fre
019 1 $abld0092854
020 $a2130495044
040 $aUk$cUk
100 10 $aSpitz, Jean-Fabien.
245 10 $aBodin et la souveraineté /$cJean-Fabien Spitz.
260 $aParis :$bPresses Universitaires de France,$c1998.
300 $a126p. ;$c18cm.
336 $atext$2rdacontent
337 $aunmediated$2rdamedia
338 $avolume$2rdacarrier
490 1 $aPhilosophies,$x0766-1398
504 $aIncludes bibliographical references and index.
600 14 $aBodin, Jean,$d1530-1596.
650 0 $aState, The.
650 0 $aSocial contract.
650 0 $aSovereignty.
650 0 $aCivil society.
830 0 $aPhilosophies,$x0766-1398
852 41 $aBritish Library$bHMNTS$jYA.1999.a.876
957 $a990112p